|
|
|
|
| LEADER |
00000nam0a2200000 4500 |
| 001 |
356671 |
| 005 |
20231102010921.0 |
| 035 |
|
|
|a (RuTPU)RU\TPU\retro\13931
|
| 090 |
|
|
|a 356671
|
| 100 |
|
|
|a 20200722d1947 km y0rusy50 ca
|
| 101 |
1 |
|
|a rus
|c lat
|
| 102 |
|
|
|a RU
|
| 105 |
|
|
|a ac z 001zb
|
| 200 |
1 |
|
|a Утопия
|e пер. с лат.
|f Т. Мор
|g Академия наук СССР (АН СССР) ; авт. предисл. В. П. Волгин ; пер. А. И. Малеина
|
| 210 |
|
|
|a Москва
|c Академия наук СССР
|d 1947
|
| 215 |
|
|
|a 271 с.
|c портр.
|
| 225 |
1 |
|
|a Предшественники научного социализма
|
| 320 |
|
|
|a Библиогр.: с. 269
|
| 600 |
|
1 |
|a Мор
|g Томас
|b Т.
|c английский гуманист
|c государственный деятель
|c писатель
|f 1478-1535
|2 stltpush
|3 (RuTPU)RU\TPU\pers\310
|
| 606 |
1 |
|
|a Утопический социализм в отдельных зарубежных странах
|x Политиическая мысль
|x История
|2 stltpush
|3 (RuTPU)RU\TPU\subj\63481
|9 80507
|
| 610 |
1 |
|
|a социалистические теории
|
| 610 |
1 |
|
|a история
|
| 610 |
1 |
|
|a Англия
|
| 610 |
1 |
|
|a 15 век
|
| 610 |
1 |
|
|a 16 век
|
| 610 |
1 |
|
|a утопизм
|
| 686 |
|
|
|a Ф02(4/.8)
|v LBC/SL-A
|2 rubbk
|
| 700 |
|
1 |
|a Мор
|b Т.
|c английский гуманист
|c государственный деятель
|c писатель
|f 1478-1535
|g Томас
|2 stltpush
|3 (RuTPU)RU\TPU\pers\310
|9 153
|
| 702 |
|
1 |
|a Волгин
|b В. П.
|c российский историк
|f 1879-1961
|g Вячеслав Петрович
|2 stltpush
|3 (RuTPU)RU\TPU\pers\11564
|4 080
|9 2754
|
| 702 |
|
1 |
|a Малеин
|b А. И.
|4 730
|
| 712 |
0 |
2 |
|a Академия наук СССР (АН СССР)
|c (Ленинград/Москва)
|c (1925-1991)
|2 stltpush
|3 (RuTPU)RU\TPU\col\722
|
| 801 |
|
1 |
|a RU
|b 63413507
|c 20200722
|
| 801 |
|
2 |
|a RU
|b 63413507
|c 20200729
|g RCR
|
| 942 |
|
|
|c BK
|